000
00333nam a22001457a 4500
020
_a
978-1-78800-1182
082
_a
823
_b
BUT/B
100
_a
BUTCHART,PAMELA
245
_a
THE BABY BROTHER FROM OUTER SPACE
260
_a
UK
_b
NOSY CROW LTD
_c
2018
300
_a
91
520
_a
ENGLISH STORY
650
_a
ENGLISH STORY
942
_c
BK
999
_c
5718
_d
5718